000 01862nam2a22004091 4500
001 v19\rc\1351372
005 20250618121648.0
035 _a(NLR Aleph) 004562300
090 _a2289696
_c2289696
100 _a20060512g18631864|||y0rusy50 ca
101 0 _arus
102 _aRU
105 _ac z |||||
200 1 _aДви-Офрис
_fСост. под ред. Ф. Толля, при деятельном сотрудничестве В. Воленса
210 _d1864 (обл. 1863)
_aБ. м.
215 _a[2], 1132 с., 1 л. портр.
461 0 _1001v19\rc\1351367
_12001#$aНастольный словарь для справок по всем отраслям знания$e(Справ. энцикл. лексикон)$eВ 12 вып. или 3 т. Т. 1-$fСост. под ред. Ф. Толля$vТ. 2
_92289635
_cСанкт-Петербург
_d1863-1866
_fСост. под ред. Ф. Толля
_nФ. Толль
_o(Справ. энцикл. лексикон) : В 12 вып. или 3 т. Т. 1-
_tНастольный словарь для справок по всем отраслям знания
_vТ. 2
702 1 _aТолль
_bФ.Г.
_f1823-1867
_gФеликс Густавович
_4340
702 1 _9z03790
_aВаленс
_bВ.П.
_f1836-1903
_gВасилий Петрович
_4570
790 1 _9z03702
_aВоленс
_bВ.П.
_f1836-1903
_gВасилий Петрович
801 0 _aRU
_bNLR
_gpsbo
801 0 _aRU
_bRuMoRGB
_2psbo
801 1 _aRU
_bProSoft-M
_2rusmarc
852 _aNLR
_jКрI-3623/2
852 _aNLR
_bМф
_jК1/15721
852 _aNLR
_j101/1863
899 _aRuMoRGB
_jP 26/90
899 _aRuMoRGB
_jO 10/1102
899 _aRuMoRGB
_jM 56/30
899 _aБАН
899 _aНБ СПбГУ
899 _aГПИБ
899 _aНБ МГУ
942 _cBOOK
980 _aNB
980 1 _aKRCH